LIBRARY & INFORMATION CENTRE, KCAET, TAVANUR

ONLINE PUBLIC ACCESS CATALOGUE (OPAC)

Course in refrigeration and air conditioning / (Record no. 11331)

MARC details
000 -LEADER
fixed length control field 00557cam a2200217ua 4500
041 ## - LANGUAGE CODE
Language code of text/sound track or separate title eng
082 ## - DEWEY DECIMAL CLASSIFICATION NUMBER
Classification number 697.93
Item number ARO/RE
100 ## - MAIN ENTRY--AUTHOR NAME
Personal name Arora, S C.
245 ## - TITLE STATEMENT
Title Course in refrigeration and air conditioning /
250 ## - EDITION STATEMENT
Edition statement 4 /
260 ## - PUBLICATION, DISTRIBUTION, ETC. (IMPRINT)
Place of publication New Delhi :
Name of publisher Dhanpat Rai Publishing Co. Pvt. Ltd. ,
Year of publication 1985.
300 ## - PHYSICAL DESCRIPTION
Number of Pages 600 ; .
700 1# - ADDED ENTRY--PERSONAL NAME
Personal name Domkundwar, S .
942 ## - ADDED ENTRY ELEMENTS (KOHA)
Koha item type Books
Holdings
Withdrawn status Lost status Damaged status Home library Current library Date acquired Full call number Accession Number Koha item type
      KAUAET KAUAET 12/02/1986 697.93 14865 Books
      KAUAET KAUAET 07/04/2012 697.93 21204 Books
      KAUAET KAUAET 07/04/2012 697.93 21873 Books
free website counter